00346 a2200109 4500001001000000005001700010008004100027245005600068100002200124773007300146999001700219ART_1763020260410161924.0260409a 10aRational decision making in businness organizations1 aSimon, Herbert A.0 tThe American Economic Reviewg- Vol. 69, NÂș 4 (sep. 1979)wREV16190 c27942d27942